000 00481nam a22002057a 4500
001 22153
005 20260330103857.0
008 260330b |||||||| |||| 00| 0 spa d
041 _aESP
082 _a720.92244
_bC78
100 _aCorbusier, Le
245 _aMensaje a los estudiantes de arquitectura
260 _a :
_b ,
_c2011
300 _a72 páginas :
_b ;
_c20 cm.
440 _a ;
650 _aBAR
654 _aCAU
700 _a;
942 _cLIB
_dJUS
_fJUS
_n0
_2ddc
999 _c22153
_d22153